00345nam a22000977a 4500008004100000082001700041245013500058260003400193300001400227440000600241230609b xxu||||| |||| 00| 0 eng d a354.676bGOK a2015/2016 Estimates of Development Expenditure of the Government of Kenya for the Year Ending 30th June, 2016b(Votes 1011- 1111) aNairobi,KenyabGOKcJune,2015 aXVII,670p vI